[Event "XXI Virxe Peregrina Open"]
[Site "Pontevedra ESP"]
[Date "2008.08.12"]
[Round "3"]
[White "Ballina Amandi,C"]
[Black "Rodriguez Lopez,Ra"]
[Result "0-1"]
[WhiteElo "1947"]
[BlackElo "2312"]

1.e4 c5 2.c3 Nf6 3.e5 Nd5 4.d4 cxd4 5.cxd4 d6 6.exd6 Qxd6 7.Nc3 Nxc3 8.bxc3 g6
9.Bc4 Bg7 10.Qf3 O-O 11.Ne2 Nc6 12.a4 b6 13.Bf4 Qf6 14.Bd5 Bb7 15.O-O Rfd8
16.Be4 Rac8 17.Rfd1 Ba6 18.Bd3 Bxd3 19.Rxd3 e5 20.dxe5 Nxe5 21.Bxe5 Qxf3
22.Rxf3 Bxe5 23.Re3 Rd5 24.g3 Rc4 25.Kg2 Kg7 26.Kf3 f5 27.Kg2 Kf7 28.Ra2 g5
29.a5 bxa5 30.Rb2 Rc7 31.Nd4 f4 32.Rd3 Kf6 33.Kf3 a4 34.Ke4 Rxc3 35.Rxc3 Rxd4+
36.Kf3 Rd6 37.Rbc2 Bxc3 38.Rxc3 fxg3 39.fxg3 Ra6 40.Ra3 Ke5 41.Ke3 Kd5  0-1

[Event "Acropolis Open"]
[Site "Athens GRE"]
[Date "2008.08.15"]
[Round "7"]
[White "Burtasova,A"]
[Black "Galopoulos,P"]
[Result "1/2-1/2"]
[WhiteElo "2329"]
[BlackElo "2003"]

1.e4 c5 2.c3 Nf6 3.e5 Nd5 4.Bc4 Nb6 5.Bb3 d6 6.Nf3 Nc6 7.exd6 Qxd6 8.d4 cxd4
9.cxd4 Be6 10.Nc3 Bxb3 11.Qxb3 Qb4 12.Qd1 Qc4 13.Ne2 e6 14.O-O Be7 15.b3 Qb5
16.a4 Qf5 17.a5 Nd5 18.Ng3 Qg4 19.a6 bxa6 20.Rxa6 Ncb4 21.h3 Qg6 22.Ne5 Qc2
23.Qxc2 Nxc2 24.Nc6 Ncb4 25.Rxa7 Rxa7 26.Nxa7 Kd7 27.Bd2 Rb8 28.Ne4 Rb7 29.Ra1 Nc2
30.Ra4 Nb6 31.Nc5+ Bxc5 32.dxc5 Nxa4 33.c6+ Kc7 34.Bf4+ Kb6 35.cxb7 Kxb7
36.Nb5 Nc5 37.Nd6+ Kc6 38.Nxf7 Kd5 39.Be5 g6 40.f4 Nxb3 41.Ng5 h5 42.Nh7 Ke4
43.Nf6+ Ke3 44.Kh2 Nc1 45.Nh7 Nd3 46.Kg3 Nxe5 47.fxe5 Ke4 48.Nf8 Kf5 49.Kh4 Ne3
50.g4+ hxg4 51.hxg4+ Nxg4 52.Nxg6 Nxe5 53.Nf8  1/2-1/2

[Event "Jessie Gilbert Celebration Int"]
[Site "Coulsdon ENG"]
[Date "2008.08.16"]
[Round "1"]
[White "Gerzhoy,L"]
[Black "Tavoularis,N"]
[Result "1/2-1/2"]
[WhiteElo "2399"]
[BlackElo "2160"]

1.e4 c5 2.c3 Nf6 3.e5 Nd5 4.g3 Nc6 5.Bg2 e6 6.Qe2 Be7 7.Nf3 d6 8.exd6 Bf6
9.O-O O-O 10.Na3 Qxd6 11.Rd1 b6 12.Nb5 Ba6 13.a4 Qe7 14.d3 Rad8 15.Nd2 Na5
16.Ne4 Nb3 17.Ra3 Nxc1 18.Rxc1 Rd7 19.Nxf6+ Qxf6  1/2-1/2

[Event "Jessie Gilbert Celebration Int"]
[Site "Coulsdon ENG"]
[Date "2008.08.16"]
[Round "1"]
[White "Fields,F"]
[Black "Williams,Sa"]
[Result "0-1"]
[WhiteElo "1934"]
[BlackElo "2246"]

1.e4 c5 2.c3 Nf6 3.e5 Nd5 4.d4 cxd4 5.Nf3 Nc6 6.cxd4 d6 7.Bc4 Nb6 8.Bb5 Bd7
9.Nc3 e6 10.O-O Be7 11.Qe2 Nb4 12.Bf4 N4d5 13.Nxd5 Nxd5 14.Bg3 Bxb5 15.Qxb5+ Qd7
16.Qxd7+ Kxd7 17.Bh4 Bxh4 18.Nxh4 Rac8 19.Rac1 Nf4 20.Rxc8 Ne2+ 21.Kh1 Rxc8
22.Nf3 Rc2 23.Rb1 h6 24.Ne1 Rd2 25.Nf3 Rd3 26.exd6 f6 27.h3 Kxd6 28.Re1 Nf4
29.Kh2 g5 30.Rc1 Kd7 31.Rc4 h5 32.Ra4 a6 33.Rb4 Kc7 34.Rc4+ Kd8 35.Rb4 Kc7
36.Rc4+ Kb8 37.Kg3 Rd1 38.Rc2 Nd5 39.Re2 Nf4 40.Rc2 Rd3 41.Rd2 Rxd2 42.Nxd2 Ne2+
43.Kh2 f5 44.Nb3 Kc7 45.g3 Kc6 46.Kg2 Kd5 47.Nc5 Nxd4 48.Nxb7 Nc6 49.Kf3 Nb4
50.a3 Nd3 51.b4 e5 52.Ke3 e4 53.f3 f4+ 54.gxf4 gxf4+ 55.Kd2 Ne5 56.fxe4+ Kxe4
57.Ke2 f3+ 58.Kf2 Nd3+ 59.Kf1 Ke3 60.Nd6 Kf4 61.Kg1 h4 62.Kf1 Kg3 63.Ne4+ Kxh3
64.Nc5 Ne5 65.Nxa6 Kg3 66.Nc5 Nc4 67.Ne4+ Kf4 68.Nf2 Nxa3 69.Nh3+ Kg3 70.Nf2 h3
71.Nh1+ Kf4 72.Kf2 h2 73.Ng3 Nb5 74.Nh1 Nc3  0-1

[Event "Independence Cup A"]
[Site "Kyiv UKR"]
[Date "2008.08.16"]
[Round "4"]
[White "Manilyk,A"]
[Black "Sivuk,V"]
[Result "0-1"]
[WhiteElo "2139"]
[BlackElo "2324"]

1.e4 c5 2.c3 Nf6 3.e5 Nd5 4.Nf3 e6 5.d4 cxd4 6.cxd4 b6 7.Bc4 Ba6 8.Bxa6 Nxa6
9.O-O Be7 10.Nbd2 O-O 11.Ne4 Nac7 12.Re1 Ne8 13.a3 f5 14.exf6 Nexf6 15.Ne5 Rc8
16.Bd2 Nxe4 17.Rxe4 Bh4 18.Nf3 Bf6 19.Bf4 Nxf4 20.Rxf4 Rc4 21.Re4 Qc7 22.h3 Rc8
23.Qb3 Qc6 24.Rae1 Qd5 25.Qd3 Rc2 26.R1e2 Rc1+ 27.Kh2 R8c4 28.g3 b5 29.g4 g6
30.h4 Rc8 31.Rf4 Rf8 32.Kg2 Rc4 33.Kg3 Qd6 34.Qe4 Bxh4+ 35.Nxh4 g5 36.Nf3 Rxf4
37.Qe5 Qxe5 38.Rxe5 h6 39.Rxb5 Rf8 40.Rb7 Rc2 41.a4 a5 42.Rb5 Rf7 43.Rxa5 Rxb2
44.Kg2 Rf4 45.Ra8+ Kg7 46.Ra7 Rxg4+ 47.Kh3 Rf4 48.Ne5 Rxd4 49.Nxd7 Rxf2 50.Ne5+ Kg8
51.Nc6 Re4 52.a5 h5 53.Kg3 Rfe2 54.Ne7+ Kf8 55.Ng6+ Ke8 56.Ra8+ Kf7 57.Nh8+ Kg7  0-1

[Event "Jessie Gilbert Celebration Int"]
[Site "Coulsdon ENG"]
[Date "2008.08.17"]
[Round "2"]
[White "Tippleston,C"]
[Black "Barissever,E"]
[Result "1/2-1/2"]
[WhiteElo "2192"]
[BlackElo "1957"]

1.e4 c5 2.c3 Nf6 3.e5 Nd5 4.d4 cxd4 5.Nf3 Nc6 6.Bc4 e6 7.cxd4 d6 8.Qe2 Be7
9.O-O O-O 10.Nc3 Nxc3 11.bxc3 dxe5 12.dxe5 Qc7 13.Re1 b6 14.Bd3 Bb7 15.Bf4 Rfe8
16.h4 Bf8 17.Rad1 g6 18.h5 Ne7 19.c4 Rad8 20.Ng5 Nf5 21.Be4 Bxe4 22.Nxe4 Rxd1
23.Nf6+ Kh8 24.Rxd1 Rd8 25.Rxd8 Qxd8 26.hxg6 fxg6 27.Qf3 Be7 28.g4 Nh4 29.Qe4 Qd1+
30.Kh2 Qf3 31.Qxf3 Nxf3+ 32.Kg3 Ne1 33.Bd2 Nd3 34.Ne4 Kg8 35.Bc3 Bb4 36.Bxb4 Nxb4
37.a4 Nd3 38.f4 Nc5 39.Nxc5 bxc5 40.g5  1/2-1/2

[Event "5th DA Tan Malaysian Open"]
[Site "Kuala Lumpur MAS"]
[Date "2008.08.18"]
[Round "1"]
[White "Causo,D"]
[Black "Ong,Way"]
[Result "1/2-1/2"]
[WhiteElo "2410"]
[BlackElo "2008"]

1.e4 c5 2.c3 Nf6 3.e5 Nd5 4.d4 cxd4 5.cxd4 d6 6.Bc4 Nb6 7.Bb5+ Bd7 8.e6 fxe6
9.Bd3 Bc6 10.Qg4 Nd5 11.Bxh7 Kd7 12.Bg6 Nf6 13.Qg3 Qa5+ 14.Nc3 Ne4 15.Bxe4 Bxe4
16.Ne2 Nc6 17.O-O Bf5 18.Qf3 Bc2 19.Bf4 g5 20.Bg3 Qf5 21.Qe3 Bg7 22.Rac1 Qd3
23.Rfe1 Qxe3 24.fxe3 Bg6 25.a3 Na5 26.e4 Rac8 27.Bf2 a6 28.Ng3 Nb3 29.Rcd1 Rhf8
30.h3 Rxf2 31.Kxf2 Bxd4+ 32.Kf3 Be5 33.Nge2 Bh5+ 34.g4 Rf8+ 35.Ke3 Bg6 36.Rf1 Rc8
37.Rf3 b5 38.Rdf1 Bg7 39.Kf2 Rc4 40.Rd1 Nc5 41.Ng3 Bd4+ 42.Ke2 Be5 43.Nf1 Nxe4
44.Rc1 Nc5 45.Nd2 Rd4 46.b4 Nd3 47.Rh1 Nf4+ 48.Kd1 Nd3 49.Ke2 Bf4 50.Nb3 Nc1+
51.Rxc1 Rc4 52.Nd2 Rd4 53.Nb3 Rc4 54.Rcf1 e5 55.Na5 Rc8 56.Rxf4 gxf4 57.Kd2 e4
58.Nd5 e3+ 59.Kd1 Rc2 60.Nxf4 e5 61.Nxg6 e2+ 62.Ke1 exf1=Q+ 63.Kxf1 Ke6 64.h4 Kf6
65.h5 Kg5 66.Nb7 Rd2 67.Ke1 Rd3 68.Ke2 e4 69.Nd8 Kf6 70.Nh4 Rh3 71.Nf5 d5
72.Nc6 Kg5 73.Ne3 Kf4 74.Nxd5+ Kxg4 75.Nb8 Rxa3 76.h6 Rh3 77.Nxa6 Rxh6 78.Nac7 Rd6
79.Ke3 Kf5 80.Kd4 e3 81.Nxb5 Rd8 82.Nc3 Ke6 83.Kc5 Ke5 84.Nb6 Kf4 85.b5 Rd3
86.Nbd5+ Ke5 87.b6 e2 88.b7 Rxc3+ 89.Nxc3 e1=Q 90.b8=Q+ Kf5 91.Qf8+ Kg6 92.Qg8+ Kh6
93.Nd5 Qe5  1/2-1/2

[Event "U16 Olympiad"]
[Site "Mersin TUR"]
[Date "2008.08.18"]
[Round "2"]
[White "Rigopoulos Tsigkos,A"]
[Black "Vardanian,HaiG"]
[Result "0-1"]
[WhiteElo "2018"]
[BlackElo "2177"]

1.e4 c5 2.c3 Nf6 3.e5 Nd5 4.d4 cxd4 5.Nf3 Nc6 6.cxd4 d6 7.Bc4 Nb6 8.Bb5 dxe5
9.Nxe5 Bd7 10.Bxc6 Bxc6 11.Nxc6 bxc6 12.O-O e6 13.Nc3 Be7 14.Bf4 O-O 15.Rc1 Rc8
16.Be5 Re8 17.Qg4 Bf8 18.Ne4 f5 19.Qh5 fxe4 20.Rc3 Qd7 21.f4 g6 22.Qh4 Bg7
23.Rh3 Bxe5 24.fxe5 Qxd4+ 25.Kh1 Rc7 26.Qg5 Rf7  0-1

[Event "U16 Olympiad"]
[Site "Mersin TUR"]
[Date "2008.08.18"]
[Round "2"]
[White "Talishzada,O"]
[Black "Samarakoon,U"]
[Result "1/2-1/2"]
[WhiteElo "2106"]
[BlackElo "1914"]

1.e4 c5 2.c3 Nf6 3.e5 Nd5 4.d4 cxd4 5.Nf3 e6 6.cxd4 d6 7.Bc4 Nb6 8.Bb5+ Bd7
9.Bxd7+ N8xd7 10.O-O dxe5 11.dxe5 Nc5 12.Be3 Nd5 13.Bd4 Be7 14.Qe2 a6 15.Rd1 O-O
16.Nc3 Nxc3 17.Bxc3 Qc7 18.Rac1 Rfd8 19.Bd4 Qa5 20.Rd2 Na4 21.Rdc2 Nb6 22.Bxb6 Qxb6
23.Rc7 Re8 24.Qe4 Rab8 25.Qf4 h6 26.b3 Rbd8 27.h3 Rd5 28.Qa4 Qb5 29.Qxb5 Rxb5
30.Rd7 b6 31.Rcc7 Kf8 32.Rb7 Ra5 33.a4 b5 34.Nd4 bxa4 35.Nc6 Rc5 36.Nxe7 a3
37.Ng6+ fxg6 38.Rf7+ Kg8 39.Rxg7+ Kh8 40.Rh7+ Kg8 41.Rbg7+ Kf8 42.Ra7 Kg8
43.Rhg7+ Kh8  1/2-1/2

[Event "Open"]
[Site "Panevezys LTU"]
[Date "2008.08.18"]
[Round "9"]
[White "Tiuninas,A"]
[Black "Malinin,Y"]
[Result "1-0"]
[WhiteElo "1968"]
[BlackElo "2353"]

1.e4 c5 2.c3 Nf6 3.e5 Nd5 4.d4 cxd4 5.Nf3 g6 6.Qxd4 Nb6 7.Be2 Bg7 8.Qh4 h6
9.Qg3 Nc6 10.Na3 d6 11.exd6 O-O 12.Be3 Nd5 13.Rd1 Nxe3 14.fxe3 exd6 15.Qxd6 Qa5
16.O-O Be6 17.Nd4 Nxd4 18.exd4 Rad8 19.Qe7 Rd7 20.Qc5 Qxc5 21.dxc5 Rc7 22.b4 Bxa2
23.Bf3 Re7 24.Rd3 Be6 25.c4 Bf5 26.Rb3 a6 27.c6 bxc6 28.Bxc6 Bd4+ 29.Kh1 a5  1-0

[Event "8th Abierto Invierno"]
[Site "Villa Ballester ARG"]
[Date "2008.08.18"]
[Round "3"]
[White "Conde,Ad"]
[Black "Quiroga,F"]
[Result "0-1"]
[WhiteElo "2039"]
[BlackElo "2339"]

1.e4 c5 2.c3 Nf6 3.e5 Nd5 4.d4 cxd4 5.cxd4 d6 6.Bc4 Nb6 7.Bb5+ Bd7 8.e6 fxe6
9.Bd3 Qc7 10.Nc3 Nd5 11.Nxd5 exd5 12.Qh5+ g6 13.Bxg6+ hxg6 14.Qxh8 Bb5 15.Ne2 Bxe2
16.Kxe2 Qc4+ 17.Kf3 Nc6 18.Be3 e5 19.Rac1 Qd3 20.Rxc6 bxc6 21.Qf6 Qf5+ 22.Qxf5 gxf5
23.Rc1 Kd7 24.g3 exd4 25.Bxd4 c5 26.Be3 d4 27.Bf4 Bg7 28.Ke2 Kc6 29.b3 a5
30.a4 Rb8 31.Rb1 Rb7 32.Bd2 c4 33.Bxa5 d5 34.b4 d3+ 35.Kd2 Re7 36.b5+ Kb7
37.Rf1 Re2+ 38.Kd1 c3 39.h4 Ra2  0-1

[Event "Jessie Gilbert Celebration Int"]
[Site "Coulsdon ENG"]
[Date "2008.08.19"]
[Round "4"]
[White "Foster,JC"]
[Black "Barissever,E"]
[Result "1/2-1/2"]
[WhiteElo "1948"]
[BlackElo "1957"]

1.e4 c5 2.c3 Nf6 3.e5 Nd5 4.d4 cxd4 5.Nf3 Nc6 6.cxd4 d6 7.Bc4 Nb6 8.Bb5 dxe5
9.Nxe5 Bd7 10.Nxd7 Qxd7 11.Nc3 e6 12.O-O a6 13.Bxc6 Qxc6 14.Qg4 g6 15.Bg5 Bg7
16.Rac1 Qd7 17.d5 O-O 18.Rfe1 Nxd5 19.Red1 f5 20.Nxd5 fxg4 21.Ne7+ Qxe7 22.Bxe7 Rfc8
23.Rxc8+ Rxc8 24.Bg5 Rc7 25.b3 h6 26.Bf4 e5 27.Be3 Kf7 28.h3 gxh3 29.Bb6 Rc2
30.Rd7+ Kg8 31.gxh3 Rxa2 32.Rxb7 g5 33.Bc5 a5 34.Kg2 a4 35.b4 a3 36.b5 e4
37.Rb8+ Kh7 38.b6 Be5 39.Ra8 e3 40.Bxe3 Ra1 41.Ra5 a2 42.Kf3 Bc3 43.Ra3 Be5
44.Ke4 Bd6 45.Ra6 Bb8 46.Kf5 Rh1 47.Rxa2 Rxh3 48.Ra8 Rf3+ 49.Kg4 Rf8 50.b7 Kg6
51.Ba7 Rf4+ 52.Kh3 Rh4+ 53.Kg2 Bxa7 54.Rxa7 Rb4 55.Kg3 Rb3+ 56.f3 Kh5 57.Kg2 Kh4
58.Ra4+ Kh5 59.Ra7  1/2-1/2

[Event "5th DA Tan Malaysian Open"]
[Site "Kuala Lumpur MAS"]
[Date "2008.08.19"]
[Round "3"]
[White "Causo,D"]
[Black "Jia,H"]
[Result "1/2-1/2"]
[WhiteElo "2410"]
[BlackElo "2303"]

1.e4 c5 2.c3 Nf6 3.e5 Nd5 4.d4 e6 5.Nf3 cxd4 6.cxd4 d6 7.Bc4 Nc6 8.O-O Be7
9.Qe2 O-O 10.Nc3 Nxc3 11.bxc3 dxe5 12.dxe5 Qa5 13.Qe4 Qa4 14.Bg5 h6 15.Bxe7 Nxe7
16.Rab1 Rb8 17.Rb4 Qc6 18.Qe2 b6 19.Nd4 Qc5 20.Re1 Bb7 21.Bb3 Qxc3 22.Rc4 Qa5
23.Ra4 Qc5 24.Rc4 Qa5 25.Ra4 Qc5 26.Rc4 Qa5  1/2-1/2

[Event "5th DA Tan Malaysian Open"]
[Site "Kuala Lumpur MAS"]
[Date "2008.08.19"]
[Round "3"]
[White "Sermek,D"]
[Black "Yap,K"]
[Result "1-0"]
[WhiteElo "2509"]
[BlackElo "2321"]

1.e4 c5 2.c3 Nf6 3.e5 Nd5 4.Nf3 e6 5.d4 cxd4 6.cxd4 b6 7.Bd3 Bb7 8.O-O d6
9.Nbd2 Nd7 10.Ne4 dxe5 11.Nxe5 Nxe5 12.dxe5 Be7 13.Bb5+ Kf8 14.Qe2 a6 15.Ba4 h5
16.Rd1 h4 17.h3 g6 18.Bb3 Qc7 19.Bxd5 Bxd5 20.Nf6 Bxf6 21.exf6 Rh5 22.Rd4 Qc6
23.Rg4 Rc8 24.Qxa6 Ra8 25.Qf1 Rxa2 26.Rxa2 Bxa2 27.Bg5 Bd5 28.Qe1 Kg8 29.Qe5 Qc8
30.Kh2 Kh7 31.Qd6 Qc5 32.Qe7 e5 33.b4 Qc8 34.Qxe5 Be6 35.Rd4 Qc3 36.Qb8 Rxg5
37.Qf8 Qc7+ 38.Rd6 Qxd6+ 39.Qxd6 Rf5 40.Qxb6 Rxf6 41.Qd4 Rf5 42.Qxh4+ Kg8
43.Qd8+ Kh7 44.Qd4 Rb5 45.g4 Kg8 46.Kg3 Kh7 47.f4 Kg8 48.Kf2 Kh7 49.Ke3 Kg8
50.Qd6 Rd5 51.Qb8+ Kh7 52.b5 Rd1 53.b6 Rh1 54.b7 Bd5 55.Qc7  1-0

[Event "5th DA Tan Malaysian Open"]
[Site "Kuala Lumpur MAS"]
[Date "2008.08.19"]
[Round "4"]
[White "Garma,C"]
[Black "Bitoon,R"]
[Result "1/2-1/2"]
[WhiteElo "2346"]
[BlackElo "2439"]

1.e4 c5 2.c3 Nf6 3.e5 Nd5 4.d4 cxd4 5.Nf3 Nc6 6.Bc4 Nb6 7.Bb3 d6 8.exd6 Qxd6
9.cxd4 Be6 10.O-O Bxb3 11.Qxb3 e6 12.Nc3 Be7 13.Rd1 O-O 14.d5 Nxd5 15.Nxd5 exd5
16.Rxd5 Qc7 17.Qc4 Rad8 18.Bf4 Qc8 19.Rad1 Rxd5 20.Rxd5  1/2-1/2

[Event "8th Savaria Summer IM"]
[Site "Szombathely HUN"]
[Date "2008.08.19"]
[Round "6"]
[White "Kizilkaya,M"]
[Black "Majeric,Z"]
[Result "0-1"]
[WhiteElo "2235"]
[BlackElo "2312"]

1.e4 c5 2.c3 Nf6 3.e5 Nd5 4.d4 cxd4 5.Nf3 e6 6.cxd4 b6 7.Bd3 d6 8.Nc3 Nxc3
9.bxc3 Qc7 10.O-O Nd7 11.Bf4 Be7 12.Re1 Bb7 13.c4 O-O 14.d5 exd5 15.cxd5 dxe5
16.Nxe5 Bd6 17.Rc1 Nc5 18.Qh5 g6 19.Qh6 Rad8 20.Bc4 f6 21.Nc6 Bxc6 22.Bxd6 Qxd6
23.Re7 Qxe7 24.d6+ Qf7 25.Bxf7+ Rxf7 26.Rd1 Re8 27.h4 Re5 28.Qf4 Kg7 29.f3 h5
30.Qc4 Rd7 31.Rd2 Re6 32.Qf4 Nb7 33.Qc4 Nd8 34.Qb4 Nf7 35.Qa3 Rexd6 36.Rxd6 Nxd6
37.Qc3 Bb7 38.Qe3 Nf5 39.Qe6 Re7 40.Qc4 Rd7 41.Qa4 Re7 42.Qxa7 Bxf3 43.Qxb6 Bd5
44.a4 Ne3 45.Qc5 Kf7 46.g3 Bb7 47.a5 Ng4 48.Qc4+ Kg7 49.Qb4 Rd7 50.Qb3 Be4
51.a6 Rd3 52.Qa4 Rxg3+ 53.Kf1 Bd3+ 54.Ke1 Rg1+ 55.Kd2 Bxa6 56.Qxa6 Rg2+ 57.Ke1 Rh2
58.Qa7+ Kh6 59.Qf7 Rxh4  0-1

[Event "Jessie Gilbert Celebration Int"]
[Site "Coulsdon ENG"]
[Date "2008.08.20"]
[Round "5"]
[White "Grey,N"]
[Black "Barissever,E"]
[Result "1/2-1/2"]
[WhiteElo "1758"]
[BlackElo "1957"]

1.e4 c5 2.c3 Nf6 3.e5 Nd5 4.d4 cxd4 5.Qxd4 e6 6.Nf3 Nc6 7.Qe4 f5 8.Qe2 b6
9.g3 Be7 10.Bg2 O-O 11.O-O a5 12.Rd1 Qc7 13.Bf4 Ba6 14.Qe1 Rad8 15.a4 Rfe8
16.Na3 Bxa3 17.Rxa3 Nxf4 18.gxf4 d5 19.Nd4 Rc8 20.Raa1 Nxd4 21.Rxd4 Qc5 22.Bf1 Bxf1
23.Qxf1 Rc7 24.Qd3 Rec8 25.Re1 Qe7 26.Qg3 Rc4 27.Red1 Qe8 28.Rxc4 Rxc4 29.b3 Qh5
30.Rd2 Re4 31.h3 Re1+ 32.Kg2 Rd1 33.Rxd1 Qxd1 34.Qg5 Qxb3 35.Qd8+ Kf7 36.Qd7+ Kf8
37.Qd8+  1/2-1/2

[Event "Independence Cup G"]
[Site "Kyiv UKR"]
[Date "2008.08.20"]
[Round "8"]
[White "Khader,Sam"]
[Black "Gladyszev,O"]
[Result "0-1"]
[WhiteElo "2398"]
[BlackElo "2473"]

1.e4 c5 2.c3 Nf6 3.e5 Nd5 4.d4 cxd4 5.Nf3 Nc6 6.cxd4 d6 7.Bc4 Nb6 8.Bb5 Bd7
9.Nc3 dxe5 10.dxe5 g6 11.O-O Bg7 12.Qe2 O-O 13.Bf4 a6 14.Bd3 Bg4 15.Be4 Nd4
16.Qd1 Nxf3+ 17.gxf3 Bh3 18.Qxd8 Raxd8 19.Rfe1 Bc8 20.b3 f5 21.Bc2 Be6 22.Be3 Rc8
23.Bxb6 Rxc3 24.Bd1 Rc6 25.Bd4 Rd8 26.Bb2 Bh6 27.Ba3 Kf7 28.Bb4 Bf4 29.a4 Rd5
30.Ra2 Rxd1 31.Rxd1 Bxb3 32.Rad2 Bxd1 33.Rxd1 Rc1 34.Rxc1 Bxc1 35.Kf1 Bf4
36.h3 Bxe5 37.Ke2 Bd6 38.Bc3 Ke6  0-1

[Event "44th Rubinstein Mem Open A"]
[Site "Polanica Zdroj POL"]
[Date "2008.08.20"]
[Round "2"]
[White "Bugalski,M"]
[Black "Zakoscielna,K"]
[Result "1-0"]
[WhiteElo "2279"]
[BlackElo "2125"]

1.e4 c5 2.c3 Nf6 3.e5 Nd5 4.d4 cxd4 5.Nf3 Nc6 6.cxd4 d6 7.Bc4 Nb6 8.Bb3 Bg4
9.Bxf7+ Kd7 10.Nc3 a6 11.Be3 Kc7 12.h3 Bxf3 13.Qxf3 g6 14.Be6 Kb8 15.O-O Ka7
16.Qe4 Kb8 17.f4 Bg7 18.d5  1-0

[Event "Jessie Gilbert Celebration Int"]
[Site "Coulsdon ENG"]
[Date "2008.08.21"]
[Round "6"]
[White "Foster,JC"]
[Black "Tavoularis,N"]
[Result "1-0"]
[WhiteElo "1948"]
[BlackElo "2160"]

1.e4 c5 2.c3 Nf6 3.e5 Nd5 4.d4 cxd4 5.Nf3 e6 6.cxd4 b6 7.Bc4 Bb7 8.O-O Na6
9.Nc3 Nxc3 10.bxc3 Be7 11.Qe2 Nc7 12.Rd1 O-O 13.Bb3 f6 14.Bc2 f5 15.c4 Qe8
16.Ne1 Rc8 17.a4 Na6 18.a5 Nb4 19.Bb3 Nc6 20.a6 Ba8 21.d5 Na5 22.Ba4 Bb4
23.dxe6 Qxe6 24.Bxd7 Qg6 25.Bxc8 Bxe1 26.f3 Bc3 27.Ra3 Bb4 28.Rad3 Bc5+ 29.Kf1 Bc6
30.Bd7 Be4 31.Rd6 Qh5 32.Be6+ Kh8 33.Rd8 Bc6 34.Rxf8+ Bxf8 35.Rd8 Be8 36.Bd7 Qxh2
37.Be3  1-0

[Event "Jessie Gilbert Celebration Int"]
[Site "Coulsdon ENG"]
[Date "2008.08.21"]
[Round "6"]
[White "Grey,N"]
[Black "Josse,Mar"]
[Result "0-1"]
[WhiteElo "1758"]
[BlackElo "2006"]

1.e4 c5 2.c3 Nf6 3.e5 Nd5 4.d4 cxd4 5.Qxd4 e6 6.Nf3 Nc6 7.Qe4 f5 8.Qe2 Qc7
9.g3 b5 10.Bg2 a5 11.O-O Ba6 12.Rd1 Bc5 13.b3 O-O 14.Bb2 a4 15.Qe1 f4 16.b4 Ba7
17.Kh1 fxg3 18.fxg3 Rf5 19.Qe4 Ne3 20.Nbd2 Nxd1 21.Rxd1 a3 22.Bc1 Bb7 23.Qd3 Nxe5
24.Nxe5 Bxg2+ 25.Kxg2 Rf2+ 26.Kh3 Qxe5 27.Nf3 Qf5+  0-1

[Event "Independence Cup A"]
[Site "Kyiv UKR"]
[Date "2008.08.21"]
[Round "9"]
[White "Bortnik,A"]
[Black "Shumilov,I"]
[Result "1-0"]
[WhiteElo "2189"]
[BlackElo "2286"]

1.e4 c5 2.c3 Nf6 3.e5 Nd5 4.d4 cxd4 5.Nf3 Nc6 6.cxd4 d6 7.Bc4 e6 8.O-O Be7
9.Qe2 O-O 10.Qe4 Qc7 11.a3 dxe5 12.dxe5 Rd8 13.Rd1 Bd7 14.Bf4 Nxf4 15.Qxf4 Be8
16.Nc3 Rxd1+ 17.Rxd1 Rd8 18.Rxd8 Qxd8 19.b4 a5 20.b5 Nb8 21.a4 Nd7 22.Bd3 Nc5
23.Bc2 Qc7 24.Ne4 Nxe4 25.Qxe4 g6 26.h4 Bf8 27.g4 Bg7 28.g5 Bd7 29.Bd3 Bc8
30.Qd4 b6 31.Be4 Bf8 32.Bc6 Bc5 33.Qe4 Qd8 34.Nh2 Qd1+ 35.Kg2 Kf8 36.Ng4 Ke7
37.Qf3 Qxf3+ 38.Kxf3 Bd7 39.Be4 Be8 40.Kg3 Kd8 41.Nf6 Bd4 42.f4 Ke7 43.Nxh7 Bc3
44.Nf6 Be1+ 45.Kg4 Bd2 46.h5 gxh5+ 47.Nxh5 Bc3 48.Nf6 Bd7 49.Bb7 Bb2 50.Ne4 Bxb5
51.axb5 a4 52.Nf6 a3 53.Nd5+ exd5 54.Bxd5 Bc3 55.Kf5 Bd2 56.Kg4 Bc3 57.Kh5 Bb2
58.g6 fxg6+ 59.Kxg6 Bc3 60.Kf5 Bb2 61.Ke4 Bc3 62.f5 Bb2 63.f6+ Kf8 64.Kf5 Bc3
65.e6 Bb4 66.Bb3 Ke8 67.e7 Bc5 68.Ke6  1-0

[Event "XI Bancpost A"]
[Site "Miercurea Ciuc ROM"]
[Date "2008.08.21"]
[Round "6"]
[White "Baratosi,D"]
[Black "Orso,M"]
[Result "1/2-1/2"]
[WhiteElo "2433"]
[BlackElo "2345"]

1.e4 c5 2.c3 Nf6 3.e5 Nd5 4.d4 cxd4 5.cxd4 d6 6.Nf3 Nc6 7.Bc4 Nb6 8.Bb5 dxe5
9.Nxe5 Bd7 10.Nxd7 Qxd7 11.Nc3 e6 12.O-O Be7 13.Qg4 O-O 14.Bxc6 bxc6 15.Bh6 Bf6
16.Rfd1 Rfe8 17.Ne4 Qe7 18.Rac1 Rac8 19.Bf4 Red8 20.Qg3 Nd5 21.Bd6 Qb7 22.b3 Be7
23.Rc4 Qd7 24.Bxe7 Qxe7 25.h3 h6 26.Rc5  1/2-1/2

[Event "23rd Open"]
[Site "Schwarzach AUT"]
[Date "2008.08.21"]
[Round "6"]
[White "Gazzarri,A"]
[Black "Wilke,W"]
[Result "0-1"]
[WhiteElo "2083"]
[BlackElo "2210"]

1.e4 c5 2.c3 Nf6 3.e5 Nd5 4.d4 cxd4 5.cxd4 e6 6.Nc3 Nxc3 7.bxc3 d6 8.f4 dxe5
9.fxe5 Qh4+ 10.g3 Qe4+ 11.Kf2 Qxh1 12.Nf3 Bd7 13.Qb3 Bc6 14.Bg2 Bxf3 15.Kxf3 Qxh2
16.Qxb7 Be7 17.Qc8+ Bd8 18.Ba3 Qh5+ 19.Kf2 Qf5+ 20.Kg1 f6 21.Rf1 Qg4 22.exf6 gxf6
23.Rxf6 Nd7 24.Qxa8 Nxf6 25.Qb7 Qxg3 26.Kh1 Bc7  0-1

[Event "5th DA Tan Malaysian Open"]
[Site "Kuala Lumpur MAS"]
[Date "2008.08.22"]
[Round "7"]
[White "Sabri,M"]
[Black "Phadke,So1"]
[Result "1/2-1/2"]
[WhiteElo "2158"]
[BlackElo "2284"]

1.e4 c5 2.c3 Nf6 3.e5 Nd5 4.d4 cxd4 5.Nf3 Nc6 6.Bc4 e6 7.cxd4 d6 8.O-O Be7
9.Qe2 O-O 10.a3 Qb6 11.Qe4 Na5 12.Bd3 f5 13.exf6 Nxf6 14.Qh4 Nb3 15.Ra2 Nxc1
16.Rxc1 Qd8 17.Nc3 g6 18.Ne2 Bd7 19.b4  1/2-1/2

[Event "28th Open"]
[Site "Bratto ITA"]
[Date "2008.08.23"]
[Round "2"]
[White "Godena,M"]
[Black "De Haan,E"]
[Result "1-0"]
[WhiteElo "2519"]
[BlackElo "2356"]

1.e4 c5 2.c3 Nf6 3.e5 Nd5 4.Nf3 e6 5.Bc4 d6 6.d4 cxd4 7.cxd4 Nc6 8.O-O Be7
9.Qe2 O-O 10.Qe4 Bd7 11.Bb3 Na5 12.Bc2 f5 13.exf6 Nxf6 14.Qe2 Nc6 15.Nc3 Qa5
16.Rd1 Qh5 17.Bf4 Nb4 18.Bb3 Nbd5 19.Bg3 a6 20.Re1 Kh8 21.Nxd5 Nxd5 22.Nd2 Qxe2
23.Rxe2 Nc7 24.Nc4 Nb5 25.Rd1 Rad8 26.Nb6 Be8 27.Bxe6 Bf6 28.Red2 Bg5 29.Rc2 Bg6
30.Rc4 h5 31.d5 Kh7 32.a4 Na7 33.h4 Bf6 34.Nd7  1-0

[Event "Leicester Group A"]
[Site "Littlethorpe ENG"]
[Date "2008.08.23"]
[Round "1"]
[White "Edwards,L"]
[Black "Clarke,B"]
[Result "1/2-1/2"]
[WhiteElo "2093"]
[BlackElo "1911"]

1.e4 c5 2.c3 Nf6 3.e5 Nd5 4.d4 cxd4 5.cxd4 d6 6.Nf3 Nc6 7.Bc4 Nb6 8.Bb5 a6
9.Bxc6+ bxc6 10.Nc3 d5 11.h3 e6 12.O-O Be7 13.b3 O-O 14.Be3 f5 15.Qd2 h6
16.Nh2 g5 17.f4 Kh8 18.Kh1 Rg8 19.g4 Bd7 20.Rg1 Rc8 21.Ne2 Rg7 22.Ng3 Qg8
23.gxf5 exf5 24.Nh5 Rg6 25.Rg2 Qh7 26.fxg5 hxg5 27.Bxg5 Qxh5 28.Bxe7 Rxg2
29.Qxg2 Rg8 30.Bf6+ Kh7 31.Qf3 Qg6 32.Qf2 Qh6 33.Qh4 f4 34.Qxh6+ Kxh6 35.Rg1 Rxg1+
36.Kxg1 Bxh3 37.Kf2  1/2-1/2

[Event "ch-SLO w"]
[Site "Ljubljana SLO"]
[Date "2008.08.23"]
[Round "8"]
[White "Bajt,I"]
[Black "Kaps,D"]
[Result "0-1"]
[WhiteElo "2199"]
[BlackElo "2287"]

1.e4 c5 2.c3 Nf6 3.e5 Nd5 4.Nf3 Nc6 5.Bc4 Nb6 6.Bb3 c4 7.Bc2 d6 8.exd6 Qxd6
9.O-O Bg4 10.Qe2 e6 11.b3 Qf4 12.Be4 Rc8 13.d4 Bd6 14.Qd2 Qxd2 15.Nfxd2 f5
16.Bf3 Bxf3 17.Nxf3 O-O 18.Nbd2 Nd8 19.Bb2 Bf4 20.Rfe1 Re8 21.g3 Bxd2 22.Nxd2 Nf7
23.f4 g5 24.Kf2 gxf4 25.gxf4 Nd6 26.Kf3 Kf7 27.Rac1 Red8 28.Ba3 Nb5 29.Bc5 cxb3
30.axb3 Nd7 31.Bb4 Nf6 32.Nc4 Nd5 33.Ne5+ Kf6 34.Bc5 Ndxc3 35.Bb4 Nxd4+ 36.Kg2 Nce2
37.Nd7+ Kf7 38.Rxc8 Rxc8 39.Bc5 Nxf4+ 40.Kg3 Nh5+ 41.Kf2 Nc6 42.b4 Nf4 43.Rd1 b5
44.Rd6 Ng6 45.Be3 Nxb4 46.Nc5 Nd5 47.Nxe6 Rc2+  0-1

[Event "28th Open"]
[Site "Bratto ITA"]
[Date "2008.08.24"]
[Round "3"]
[White "Guido,F"]
[Black "Colovic,A"]
[Result "1/2-1/2"]
[WhiteElo "2356"]
[BlackElo "2471"]

1.e4 c5 2.c3 Nf6 3.e5 Nd5 4.d4 cxd4 5.Nf3 e6 6.cxd4 d6 7.Bc4 Nb6 8.Bb3 dxe5
9.Nxe5 Nc6 10.Nxc6 bxc6 11.O-O Be7 12.Nc3 O-O 13.Bf4 Ba6 14.Re1 Bc4 15.Bc2 Bf6
16.Be5 Bxe5 17.dxe5 Qxd1 18.Rexd1 Rfd8 19.Rxd8+ Rxd8 20.Rd1 Bd5 21.b3 Kf8
22.Ne4 Ke7 23.Nc5 Nd7 24.Nxd7  1/2-1/2

[Event "Jessie Gilbert Celebration Int"]
[Site "Coulsdon ENG"]
[Date "2008.08.24"]
[Round "9"]
[White "Fields,F"]
[Black "Tavoularis,N"]
[Result "0-1"]
[WhiteElo "1934"]
[BlackElo "2160"]

1.e4 c5 2.c3 Nf6 3.e5 Nd5 4.d4 cxd4 5.Nf3 e6 6.cxd4 b6 7.Bd3 Bb7 8.O-O Be7
9.Bd2 O-O 10.Nc3 Nxc3 11.Bxc3 f5 12.exf6 gxf6 13.Qe2 Qc7 14.Rac1 Qf4 15.Bd2 Qd6
16.Bh6 Rf7 17.Rfd1 Nc6 18.a3 Bf8 19.Qe3 Ne7 20.Bf4 Qd5 21.Bc4 Qe4 22.Bd3 Qd5
23.Bc4 Qh5 24.Be2 Nd5 25.Qd2 Rg7 26.Bg3 Qe8 27.Ne1 Kh8 28.Nd3 Rg8 29.Nf4 Bh6
30.Bc4 Nxf4 31.Bxf4 Bxf4 32.Qxf4 Rxg2+ 33.Kf1 Qg6 34.Bd3 Rg1+ 35.Ke2 Qg4+
36.Qxg4 Rxg4 37.Bb5 Rg7 38.Rc7 Bd5 39.Rxd7 Rf8 40.Rxg7 Kxg7 41.Bd3 f5 42.Rg1+ Kf6
43.Kd2 Rf7 44.Ke3 Rf8 45.Kd2 a5 46.Rg3 Rf7 47.Rg1 Rb7 48.Bb5 Rb8 49.Rg3 Rb7
50.Rg1 f4 51.Bd3 Bf3 52.Be2 Bxe2 53.Kxe2 Rd7 54.Rd1 Rd5 55.Rd3 Kf5 56.a4 b5
57.axb5 Rxb5 58.b3 Ke4 59.f3+ Kd5 60.Kd2 Rb7 61.Kc3 Rc7+ 62.Kb2 Rg7 63.Rd2 Rg1
64.Re2 Rf1 65.Re5+ Kxd4 66.Re4+ Kd5 67.Rxf4 Rf2+ 68.Ka3 Rxh2 69.Ka4 Ra2+
70.Kb5 Ra3 71.Rh4 Rxb3+ 72.Kxa5 Rxf3 73.Rxh7 Rb3  0-1